|
|
|
|
| LEADER |
01411nam a2200349 a 4500 |
| 001 |
30719 |
| 003 |
BD-DhAAL |
| 005 |
20230525144154.0 |
| 008 |
160128s1990 ilu b 000 1 eng |
| 010 |
|
|
|a 90011057
|
| 020 |
|
|
|a 0226062767 (pbk.)
|
| 020 |
|
|
|a 0226062759 (cloth)
|
| 040 |
|
|
|a DLC
|c DLC
|d DLC
|d OCoLC
|d DLC
|d BD-DhAAL
|
| 041 |
1 |
|
|a eng
|
| 050 |
0 |
0 |
|a PQ4272.E5
|b F38 1990
|
| 082 |
0 |
0 |
|a 853.1
|2 20
|
| 100 |
1 |
|
|a Boccaccio, Giovanni,
|d 1313-1375.
|9 15689
|
| 240 |
1 |
0 |
|a Fiammetta.
|l English
|
| 245 |
1 |
4 |
|a The elegy of Lady Fiammetta /
|c Giovanni Boccaccio ; edited and translated by Mariangela Causa-Steindler and Thomas Mauch ; with an introduction by Mariangela Causa-Steindler.
|
| 260 |
|
|
|a Chicago :
|b University of Chicago Press,
|c c1990.
|
| 300 |
|
|
|a xxvi, 182 p. ;
|c 23 cm.
|
| 500 |
|
|
|a Translation of: Elegia di madonna Fiammetta.
|
| 504 |
|
|
|a Includes bibliographical references (p. 173-182).
|
| 526 |
|
|
|a ENH
|
| 541 |
|
|
|e 30719
|
| 655 |
|
7 |
|a Love stories.
|2 gsafd
|
| 700 |
2 |
|
|a Causa-Steindler, Mariangela.
|9 15691
|
| 700 |
1 |
|
|a Mauch, Thomas.
|9 15692
|
| 856 |
4 |
2 |
|3 Publisher description
|u http://www.loc.gov/catdir/enhancements/fy0608/90011057-d.html
|
| 942 |
|
|
|2 ddc
|c BK
|
| 999 |
|
|
|c 35894
|d 35894
|
| 952 |
|
|
|0 0
|1 0
|2 ddc
|4 0
|6 853_100000000000000_BOC
|7 0
|9 57772
|a BRACUL
|b BRACUL
|c GEN
|d 2016-01-28
|e R K Corporation
|g 2250.00
|l 3
|m 18
|o 853.1 BOC
|p 3010030719
|r 2026-05-03
|s 2026-04-27
|t 1
|w 2016-01-28
|y BK
|